Karty prevalcovali zmenárenské služby
Postoj slovenských bánk k politike kartových, ale aj zmenárenských služieb. Motivácia klientov používať platobné karty pri pobytoch v zahraničí. Najčastejšie využívané typy kariet.
Enregistré dans:
| Format: | Chapitre de livre |
|---|---|
| Langue: | slovaque |
| Sujets: | |
| Tags: |
Pas de tags, Soyez le premier à ajouter un tag!
|
MARC
| LEADER | 00000naa a2200000 4500 | ||
|---|---|---|---|
| 001 | 0256992 | ||
| 005 | 20190710083555.9 | ||
| 041 | 0 | |a slo | |
| 044 | |a CZ | ||
| 245 | 1 | 0 | |a Karty prevalcovali zmenárenské služby |
| 520 | |a Postoj slovenských bánk k politike kartových, ale aj zmenárenských služieb. Motivácia klientov používať platobné karty pri pobytoch v zahraničí. Najčastejšie využívané typy kariet. | ||
| 610 | 2 | 0 | |a banky |
| 610 | 2 | 0 | |a karty platobné |
| 610 | 2 | 0 | |a dovolenka |
| 610 | 2 | 0 | |a platby elektronické |